[Event "Cali Valle Colombia op-B"]
[Site "Cali Valle Colombia"]
[Date "2022.12.30"]
[Round "8"]
[White "Ramirez Angulo, Christian Giussepe"]
[Black "Gil Giraldo, Oscar Leandro"]
[Result "1-0"]
[WhiteElo "1600"]
[BlackElo "1285"]
[PlyCount "63"]
[EventDate "2022.12.26"]
[EventType "swiss"]
[EventRounds "8"]
[EventCountry "COL"]
[SourceTitle "CBM 211 Extra"]
[Source "ChessBase"]
[SourceDate "2023.01.31"]
[SourceVersion "1"]
[SourceVersionDate "2023.01.31"]
[SourceQuality "1"]

1. e4 c5 2. Nf3 g6 3. c3 d5 4. exd5 Qxd5 5. d4 Bg7 6. Bf4 cxd4 7. cxd4 Nf6 8. Nc3 Qa5 9. Bc4 0-0 10. 0-0 Qb4 11. Qb3 Qxb3 12. Bxb3 Nc6 13. d5 Nb4 14. d6 Nd3 15. dxe7 Nxf4 16. exf8Q+ Kxf8 17. Ng5 Be6 18. Nxe6+ Nxe6 19. Rad1 Nc5 20. Bc4 Nfe4 21. Nxe4 Nxe4 22. Rd7 Ng5 23. f4 Ne6 24. f5 Ng5 25. h4 Rc8 26. Bb3 Ke8 27. Ba4 Rc4 28. Rd4+ Rxa4 29. Rxa4 Bxb2 30. hxg5 a6 31. Rb4 Be5 32. Rxb7 1-0

[Event "Cali Valle Colombia op-B"]
[Site "Cali Valle Colombia"]
[Date "2022.12.29"]
[Round "6"]
[White "Pereira Vera, Henry Alberto"]
[Black "Ramirez Angulo, Christian Giussepe"]
[Result "1-0"]
[WhiteElo "1760"]
[BlackElo "1600"]
[PlyCount "43"]
[EventDate "2022.12.26"]
[EventType "swiss"]
[EventRounds "8"]
[EventCountry "COL"]
[SourceTitle "CBM 211 Extra"]
[Source "ChessBase"]
[SourceDate "2023.01.31"]
[SourceVersion "1"]
[SourceVersionDate "2023.01.31"]
[SourceQuality "1"]

1. b3 Nf6 2. Bb2 g6 3. g3 Bg7 4. Bg2 d5 5. Nf3 0-0 6. 0-0 c5 7. d4 Qc7 8. Nbd2 c4 9. bxc4 dxc4 10. c3 Nbd7 11. e4 b5 12. a4 Rb8 13. axb5 Rxb5 14. Ba3 Re8 15. Qe2 Rh5 16. Rfb1 Nb6 17. Ne5 Rxe5 18. dxe5 Qxe5 19. Nxc4 Nxc4 20. Qxc4 Be6 21. Qc5 Qxc5 22. Bxc5 1-0

[Event "Cali Valle Colombia op-B"]
[Site "Cali Valle Colombia"]
[Date "2022.12.28"]
[Round "4"]
[White "Luque, Manuel Antonio"]
[Black "Ramirez Angulo, Christian Giussepe"]
[Result "1/2-1/2"]
[WhiteElo "1519"]
[BlackElo "1600"]
[PlyCount "151"]
[EventDate "2022.12.26"]
[EventType "swiss"]
[EventRounds "8"]
[EventCountry "COL"]
[SourceTitle "CBM 211 Extra"]
[Source "ChessBase"]
[SourceDate "2023.01.31"]
[SourceVersion "1"]
[SourceVersionDate "2023.01.31"]
[SourceQuality "1"]

1. e4 c5 2. c3 g6 3. Nf3 d5 4. Bb5+ Bd7 5. Bxd7+ Qxd7 6. exd5 Qxd5 7. d4 Bg7 8. Be3 Nf6 9. 0-0 cxd4 10. Qxd4 0-0 11. Nbd2 Nc6 12. Qxd5 Nxd5 13. Bd4 e5 14. Bc5 Rfe8 15. Ne4 b6 16. Ba3 Nf4 17. Rfe1 f5 18. Nd6 Red8 19. Rad1 e4 20. Ng5 Nd3 21. Rf1 Nce5 22. Ne6 Bf8 23. Nxf8 Rxf8 24. Nb5 Rfc8 25. Nd4 Nc4 26. Be7 Ncxb2 27. Rb1 Rxc3 28. Bf6 Rac8 29. Nb5 Rc2 30. Bxb2 Nxb2 31. Nd4 R2c4 32. Nb5 Rc2 33. Nd4 Rd2 34. Nb3 Rdc2 35. Nd4 R2c4 36. Nb5 Rb4 37. a4 Nd3 38. Rxb4 Nxb4 39. Nxa7 Ra8 40. Rb1 Rxa7 41. Rxb4 b5 42. Rxb5 Rxa4 43. g3 Ra6 44. h4 h6 45. h5 Kg7 46. Rb7+ Kf6 47. hxg6 Kxg6 48. Rb8 Kg5 49. Rg8+ Rg6 50. Rb8 h5 51. Rh8 Kg4 52. Kf1 Rc6 53. Kg2 Rg6 54. Kf1 Rg5 55. Rf8 h4 56. gxh4 Kxh4 57. Rh8+ Kg4 58. Ke2 Kf4 59. Rh4+ Rg4 60. Rh2 Rg6 61. Rh4+ Ke5 62. Rh8 Rb6 63. Re8+ Kf4 64. Rh8 Rb2+ 65. Ke1 Ra2 66. Rh4+ Ke5 67. Rh8 f4 68. Re8+ Kf5 69. Rg8 e3 70. fxe3 fxe3 71. Rf8+ Kg6 72. Rg8+ Kf6 73. Rg3 Ra3 74. Ke2 Kf5 75. Rxe3 Rxe3+ 76. Kxe3 1/2-1/2